[Event "Quebec-ch qual U1200"]
[Site "Montreal"]
[Date "2005.10.08"]
[Round "1"]
[White "Levesque, Jean Luc"]
[Black "Larochelle, Moise"]
[Result "1-0"]
[WhiteElo "1012"]
[BlackElo "1148"]
[PlyCount "53"]
[EventDate "2005.10.08"]
[EventType "swiss"]
[EventRounds "3"]
[EventCountry "CAN"]
[SourceTitle "EXT 2009"]
[Source "ChessBase"]
[SourceDate "2008.11.26"]
[SourceVersion "1"]
[SourceVersionDate "2008.11.26"]
[SourceQuality "1"]

1. e4 e6 2. Nf3 d5 3. exd5 exd5 4. d4 Be7 5. Nc3 Nf6 6. Bd3 c6 7. 0-0 Bg4 8. Re1 0-0 9. Bg5 Nbd7 10. Re3 h6 11. Bh4 Re8 12. Qd2 Bxf3 13. Rxf3 Qb6 14. Bf5 Ne4 15. Nxe4 Bxh4 16. Nd6 Qxb2 17. Re1 Rxe1+ 18. Qxe1 Nf6 19. Rb3 Qxa2 20. Rxb7 Rd8 21. g3 Bxg3 22. hxg3 g6 23. Bxg6 Rf8 24. Bxf7+ Kh8 25. Qe7 Qa1+ 26. Kg2 Qxd4 27. Qxf8+ 1-0